Guess the Buffy the Vampire Slayer duet Quiz Stats

 Plays Quiz not verified by Sporcle

Challenge
Share
Tweet
Embed
Score 0/102 Timer 10:00
0 Plays Today
Tara/Giles % Correct
--/I
97.8%
I/I
97.8%
--/I
97.8%
I/--
97.8%
I/--
97.8%
what/I
97.8%
I/could
97.8%
I/--
97.8%
I/hand
97.8%
I/I
97.8%
I/I
97.8%
I/I
97.8%
I/I
97.8%
once/you
96.5%
We're/you
96.1%
You/--
95.7%
you/--
95.7%
You/--
95.7%
you/you
95.7%
me/--
92.6%
me/--
92.6%
--/me
92.6%
me/me
92.6%
could/the
92.6%
do/Wish
92.2%
this/and
91.7%
and/the
91.7%
be/--
91.3%
be/--
91.3%
adjust/the
90%
--/could
89.6%
could/could
89.6%
could/could
89.6%
could/could
89.6%
Tara/Giles % Correct
could/could
89.6%
can/--
88.7%
this/lead
88.7%
must/play
88.7%
your/--
88.3%
this/--
88.3%
--/this
88.3%
how/--
87.8%
--/Wish
87.8%
Wish/--
87.8%
wish/Wish
87.8%
Wish/Wish
87.8%
Wish/Wish
87.8%
Wish/Wish
87.8%
stay/stay
87.4%
stay/stay
87.4%
stay/stay
87.4%
stay/stay
87.4%
just/to
87%
with/--
86.5%
--/go
86.5%
but/land
86.5%
I'm/--
86.1%
my/--
85.7%
under/--
85.2%
spell/--
85.2%
through/--
85.2%
Willow/--
85.2%
--/through
85.2%
see/--
84.8%
don't/--
83.9%
--/don't
83.9%
it/--
83.9%
know/--
83.5%
Tara/Giles % Correct
And/And
83.5%
know/know
83.5%
memory/--
83%
but/but
82.6%
I've/--
82.2%
that/words
82.2%
disgust/take
82.2%
playing/--
81.3%
been/--
81.3%
trust/right
81.3%
can't/--
81.3%
done/by
80.9%
Hell/--
80.4%
we/we
80%
to/--
79.6%
love/love
79.1%
so/so
79.1%
--/father
78.7%
of/--
78.3%
just/--
77.4%
was/--
77%
must/--
76.5%
believe/Believe
75.2%
God/--
74.8%
--/wanna
74.8%
nothing/--
74.3%
left/--
74.3%
--/say
74.3%
made/--
73.9%
'cause/'cause
72.2%
there'll/--
70.4%
both/both
70.4%
it'll/it'll
67%
grieve/grieve
66.1%

You're not logged in!

Compare scores with friends on all Sporcle quizzes.
Join for Free
OR
Log In

You Might Also Like...

Show Comments

Extras

Top Quizzes Today


Score Distribution

Your Account Isn't Verified!

In order to create a playlist on Sporcle, you need to verify the email address you used during registration. Go to your Sporcle Settings to finish the process.

Report this User

Report this user for behavior that violates our Community Guidelines.

Details: